| 000 | 00760nam a22002177a 4500 | ||
|---|---|---|---|
| 999 |
_c17958 _d17958 |
||
| 003 | AR-CdUCM | ||
| 008 | 190510b ||||| |||| 00| 0 spa d | ||
| 040 |
_aMUNICIPALIDAD PROVINCIAL DEL CUSCO _cBIBLIOTECA MUNICIPAL DEL CUSCO |
||
| 082 |
_a614.26 / _bF43 |
||
| 100 |
_aFerrara, Floreal _938238 |
||
| 245 | _aAlcoholismo en américa latina / | ||
| 260 |
_aBuenos Aires : _bPalestra, _c1961. |
||
| 300 |
_a263 páginas ; _c21 cm. |
||
| 440 |
_aColección vertientes de la libertad _938239 |
||
| 505 | _aContenido : Historia del alcoholismo -- Bebidas alcohólicas -- Clasificación de los vinos ... | ||
| 650 |
_aAlcoholismo _922499 |
||
| 650 |
_aClasificación _921385 |
||
| 650 |
_aBebidas _938240 |
||
| 942 |
_2ddc _cLIBROS |
||
| 945 |
_arah _d10/05/2019 |
||